Charakterizácia práškov a spečených oceľových vzoriek

Saved in:
Bibliographic Details
Main Author: Petrek, Tomáš (Author)
Other Authors: Grgač, Peter (Thesis advisor)
Format: Manuscript Book
Language:Slovak
Published: 2020
Subjects:
Online Access:http://is.stuba.sk/zp/portal_zp.pl?podrobnosti=151379
Tags: Add Tag
No Tags, Be the first to tag this record!

MARC

LEADER 00000ntm a22000003a 4500
001 stuzp78785
003 SK-STU
005 20200704212335.2
007 ta
008 150427s2015----xo-----f-mn---000-0-slo-d
040 |a STU  |b slo 
041 0 |a slo 
100 1 |a Petrek, Tomáš  |u 061000  |k Z4  |4 aut  |U MTF Materiálovotechnologická fakulta  |T MTF Ústav materiálov  |X 80378  |U M1000  |Y 81  |7 80378 
242 0 1 |a Characterization of powders and sintered steel samples  |y eng 
245 1 0 |a Charakterizácia práškov a spečených oceľových vzoriek 
260 |c 2020 
650 4 |a železné prášky  |2 slo 
650 4 |a prášková metalurgia  |2 slo 
650 4 |a pórovitosť  |2 slo 
650 4 |a spečené vzorky  |2 slo 
650 4 |a powder metallurgy  |2 eng 
650 4 |a iron powders  |2 eng 
650 4 |a sintered samples  |2 eng 
650 4 |a porosity  |2 eng 
700 1 |a Grgač, Peter  |u 061000  |k Z1  |4 ths  |U MTF Materiálovotechnologická fakulta  |T MTF Ústav materiálov  |X 4174  |U M1000  |Y 81  |7 A000004174 
856 4 |u http://is.stuba.sk/zp/portal_zp.pl?podrobnosti=151379 
996 |c M* DP-14383  |l MMSKP  |s P  |a 0  |w stuzp78785_0001